Saint Marin Foot - Les Matchs sans défaites - Statistiques

Statistiques générales
  • Ce quiz a été pris 17 fois
    9 depuis la dernière actualisation
  • Le résultat moyen est 3 sur 11
Statistiques - réponses
Score Date Compétition Réponse % Correct
1-0 5 Septembre 2024 Ligue des Nations Liechtenstein
78%
0-0 14 Novembre 2020 Ligue des Nations Gibraltar
44%
1-0 28 Avril 2004 Match Amical Liechtenstein
44%
0-0 10 Mars 1993 Éliminatoire Coupe du Monde 1994 Turquie
33%
0-0 15 Novembre 2014 Éliminatoire de l'Euro 2016 Estonie
22%
0-0 13 Octobre 2020 Ligue des Nations Liechtenstein
22%
0-0 24 Mars 2024 Match Amical Saint-Christophe-et-Niévès
22%
0-0 21 Septembre 2022 Match Amical Seychelles
22%
1-1 25 Avril 2001 Éliminatoire Coupe du Monde 2002 Lettonie
11%
2-2 20 Août 2003 Match Amical Liechtenstein
11%
1-1 17 Novembre 2022 Match Amical Sainte-Lucie
11%
Aucun quiz correspondant
Distribution des résultats
% des personnes avec chaque résultat
Percentile par nombre de réponses
Votre historique - résultats
Vous n’avez pas pris ce quiz depuis la dernière actualisation